000 00473nam a2200181Ia 4500
003 GCL
008 140319s9999 xx 000 0 eng d
040 _aGCL /
_cGCL
082 0 4 _a758.3
_bL P
100 1 _aLUEBKE - HILL, BARBARA
245 1 0 _aPAINTING ANIMALS: STEP BY STEP /
_cLUEBKE - HILL, BARBARA
260 _a[S.N] :
_bNORTH LIGHT BOOKS ،
_c1992
300 _a136 P
650 0 4 _aARTS
650 0 4 _aPAINTING
650 0 4 _aPAINTING - ANIMALS
942 _2ddc
_cBK
999 _c15666
_d15666